| 000 | 01189nam a2200349 i 4500 | ||
|---|---|---|---|
| 001 | 59116 | ||
| 003 | CO-BoRNBP | ||
| 005 | 20250910204240.0 | ||
| 007 | ta | ||
| 008 | 121119s2000 ck a gs 000 j spa d | ||
| 020 | _a9789588061580 | ||
| 040 |
_aCO-BoRNBP _bspa _cCO-BoRNBP _erda |
||
| 041 | _aspa | ||
| 082 | _2I 828.9933 M216 | ||
| 084 | _aN MAH1 | ||
| 100 | 1 |
_aMahy, Margaret, _d1936- _eautora _961435 |
|
| 245 | 1 | 3 |
_aEl secuestro de la bibliotecaria _cMargaret Mahy ; traducción de Miguel A. Dieguez ; ilustraciones de Quentin Blake |
| 250 | _aPrimera edición | ||
| 264 | 1 |
_aBogotá _bAlfaguara _c2000 |
|
| 300 |
_a46 páginas _bilustraciones en blanco y negro _c20 cm |
||
| 336 |
_atexto _btxt _2rdacontent |
||
| 337 |
_asin mediación _bn _2rdamedia |
||
| 338 |
_avolumen _bnc _2rdacarrier |
||
| 490 | _aInfantil | ||
| 650 | 1 | 4 |
_aCuentos infantiles neozelandeses _ySiglo XX _2LEMB _964818 |
| 650 | 1 | 4 |
_aLiteratura infantil neozelandesa _ySiglo XX _2LEMB _964819 |
| 650 | 1 | 4 |
_aSecuestro _vCuento _2LEMB _964820 |
| 650 | 1 | 4 |
_aBibliotecarias _vCuento _2LEMB _964821 |
| 700 | 1 |
_aDiéguez, Miguel A., _etraductor _964822 |
|
| 700 | 1 |
_aBlake, Quentin, _eilustrador |
|
| 942 |
_2loc _cBKLIT |
||
| 999 |
_c59116 _d59116 |
||